| 000 | 00438nam a2200193Ia 4500 | ||
|---|---|---|---|
| 003 | 0100 | ||
| 008 | 130307s9999 xx 000 0 und d | ||
| 040 | _cARRUPELIB | ||
| 050 | _aB765.T54B66 1945 | ||
| 100 | _aBourke, Vernon J | ||
| 245 | _aThomistic bibliography | ||
| 245 | _b1920-1940 | ||
| 260 | _aST. Louis, Missouri | ||
| 260 | _bThe Modern Schoolman | ||
| 260 | _c1945 | ||
| 300 | _a312p. | ||
| 300 | _b23cm. | ||
| 942 | 0 | 0 | _01 |
| 999 |
_c83394 _d83394 |
||